000 00297nam a22001337a 4500
008 170419b xxu||||| |||| 00| 0 eng d
020 _a9780195125290
041 _aeng
080 _a579
100 _a11
101 _aSHM
245 _aTHE ANTIMICROBIAL DRUGS
_cSCHOLAR.E.M
942 _2udc
_cBK
999 _c11181
_d11181